Journal of Marriage and Family (Registro nro. 171601)
[ vista simple ]
| 000 -LEADER | |
|---|---|
| fixed length control field | 01568nam a22002657a 4500 |
| 007 - PHYSICAL DESCRIPTION FIXED FIELD--GENERAL INFORMATION | |
| fixed length control field | cr|||| |||| |
| 008 - FIXED-LENGTH DATA ELEMENTS--GENERAL INFORMATION | |
| fixed length control field | 220519c20009999us br|w s|||| 0|||b1eng d |
| 022 ## - | |
| -- | 1741-3737 |
| 035 ## - | |
| -- | 36228 |
| 040 ## - CATALOGING SOURCE | |
| Original cataloging agency | vLex |
| 090 ## - | |
| -- | 13365 |
| -- | 13365 |
| 245 00 - TITLE STATEMENT | |
| Title | Journal of Marriage and Family |
| Medium | [Recurso electrónico] / |
| 256 ## - | |
| -- | Servicio en línea |
| 260 ## - PUBLICATION, DISTRIBUTION, ETC. (IMPRINT) | |
| Place of publication, distribution, etc | Hoboken: |
| Name of publisher, distributor, etc | Wiley, |
| Date of publication, distribution, etc | 2000 - |
| 300 ## - PHYSICAL DESCRIPTION | |
| Extent | 1 recurso electrónico |
| 310 ## - | |
| -- | Bimestral |
| 500 ## - GENERAL NOTE | |
| General note | The Journal of Marriage and Family (JMF), published by the National Council on Family Relations, has been the leading research journal in the family field for more than 75 years and is consistently the most highly cited journal in Family Science. JMF features original research and theory using the variety of methods reflective of the full range of social sciences, including quantitative, qualitative, and multi-method designs; research interpretation; integrative review; reports on methodological and statistical advances; and critical discussion concerning all aspects of marriage, other forms of close relationships, and families. The journal also publishes brief reports. |
| 506 1# - RESTRICTIONS ON ACCESS NOTE | |
| Terms governing access | Disponible solo en los productos indicados |
| Authorized users | vLex Global |
| -- | vLex Global (Academic Edition, excluding Law Schools) |
| -- | vLex Global (Academic Edition, Law Schools) |
| 650 04 - SUBJECT ADDED ENTRY--TOPICAL TERM | |
| Topical term or geographic name as entry element | Derecho Civil |
| Geographic subdivision | Estados Unidos |
| 650 04 - SUBJECT ADDED ENTRY--TOPICAL TERM | |
| Topical term or geographic name as entry element | Familia y Sucesiones |
| Geographic subdivision | Estados Unidos |
| 740 0# - | |
| -- | vLex Revistas (Servicio en línea) |
| 856 40 - LOCALIZACIÓN Y ACCESO ELECTRÓNICO | |
| Identificador Uniforme del Recurso (URI/URL) | https://app.vlex.com/#/sources/36228 |
| 942 ## - | |
| -- | RAA |
| 999 ## - | |
| -- | 171601 |
| -- | 171601 |
No hay ítems disponibles.